[Event "SR 2. liga A 2016/2017"]
[Site "?"]
[Date "2016.12.04"]
[Round "6.3"]
[White "Jurcak, Marian"]
[Black "Kuna, Vladimir"]
[Result "0-1"]
[WhiteElo "1803"]
[BlackElo "2000"]
[PlyCount "84"]
[EventDate "2016.??.??"]

1. e4 c5 2. Nf3 d6 3. d4 cxd4 4. Nxd4 Nf6 5. Nc3 a6 6. Bg5 e6 7. Bc4 Be7 8. Qd2
Qc7 9. Bb3 b5 10. a3 Nc6 11. O-O-O Na5 12. Ba2 Nc4 13. Bxc4 bxc4 14. f3 Rb8 15.
Rde1 Bd7 16. g4 Qb6 17. Nd1 c3 18. Qxc3 Nxe4 19. fxe4 Bxg5+ 20. Ne3 O-O 21. b3
Rfc8 22. Qd3 Bf6 23. Rd1 Bxd4 24. Qxd4 Qxb3 25. Rhf1 Qxa3+ 26. Kd2 Qa5+ 27. Ke2
Qb5+ 28. Kf2 Qb6 29. Qd2 Bb5 30. Rfe1 Rc6 31. Kg3 Rbc8 32. h4 Qc7 33. Kh3 Ba4
34. Ra1 Bxc2 35. g5 Bxe4 36. Ra4 d5 37. Ng4 Bf5 38. Qf2 Rc2 39. Re2 Rc4 40.
Rxc4 Qxc4 41. Qg3 Qd4 42. Re3 Bxg4+ 0-1

[Event "SR 2. liga A 2016/2017"]
[Site "?"]
[Date "2016.12.04"]
[Round "6.4"]
[White "Jancovic, Peter"]
[Black "Macko, Miroslav"]
[Result "1/2-1/2"]
[WhiteElo "2239"]
[BlackElo "2139"]
[PlyCount "164"]
[EventDate "2016.??.??"]

1. d4 Nf6 2. c4 e6 3. Nf3 d5 4. Nc3 Be7 5. Bg5 O-O 6. Qc2 b6 7. cxd5 exd5 8. e3
h6 9. Bh4 Bb7 10. Be2 Ne4 11. Bxe7 Qxe7 12. Nxe4 dxe4 13. Ne5 c5 14. O-O cxd4
15. exd4 Rc8 16. Qd2 Nd7 17. Nxd7 Qxd7 18. Rac1 Rxc1 19. Rxc1 Rd8 20. Rd1 Qd5
21. Qb4 Rd7 22. b3 e3 23. Bf3 exf2+ 24. Kf1 Qf5 25. Bxb7 Rxb7 26. Qd2 Rc7 27.
d5 Rd7 28. d6 Qe5 29. h3 Qc5 30. b4 Qf5 31. Qd4 Qe6 32. a4 Qf5 33. Qc4 Kh7 34.
Qc6 Kg6 35. Rd5 Qe6 36. Kxf2 Kh7 37. Qc2+ Qg6 38. Qd2 Qf6+ 39. Ke2 Qe6+ 40. Kd1
Qe4 41. Kc1 Qc4+ 42. Kb2 Qe4 43. Rd4 Qe5 44. Kb3 Qe6+ 45. Kc3 Kg8 46. g4 Kh8
47. Qd3 Qa2 48. Qc4 Qxa4 49. b5 Qa3+ 50. Kc2 Rxd6 51. Qc8+ Kh7 52. Qf5+ Rg6 53.
Qxf7 Rf6 54. Qd5 Qxh3 55. Qe4+ Rg6 56. Kb2 Qf1 57. Rb4 Qf6+ 58. Rd4 Qe6 59. Qd3
Qe5 60. Ka2 h5 61. gxh5 Qxh5 62. Rd8 Qh2+ 63. Ka1 Qg3 64. Qf5 Qe1+ 65. Kb2 Qb4+
66. Ka1 Qh4 67. Qd3 Qf6+ 68. Kb1 Qe6 69. Ka1 Qe5+ 70. Ka2 Qg3 71. Qf5 Qg2+ 72.
Ka1 Qh2 73. Qd3 Qe5+ 74. Ka2 Qe6+ 75. Ka1 Qe1+ 76. Ka2 Qf2+ 77. Ka1 Qg3 78. Qf5
Qa3+ 79. Kb1 Qb3+ 80. Ka1 Qa4+ 81. Kb2 Qh4 82. Qd3 Qf6+ 1/2-1/2

[Event "SR 2. liga A 2016/2017"]
[Site "?"]
[Date "2016.12.04"]
[Round "6.4"]
[White "Bronis, Marian"]
[Black "Hacik, Radomir"]
[Result "1/2-1/2"]
[WhiteElo "2112"]
[BlackElo "2177"]
[PlyCount "40"]
[EventDate "2016.??.??"]

1. d4 c5 2. d5 e5 3. c4 d6 4. e4 Ne7 5. Bg5 f6 6. Be3 Ng6 7. g3 Be7 8. h4 O-O
9. Nc3 Na6 10. Bh3 Nc7 11. Bf5 Bxf5 12. exf5 Nh8 13. Nge2 a6 14. Qd3 b5 15. b3
Qd7 16. O-O Rfb8 17. g4 Nf7 18. Ne4 Kh8 19. f3 Rb7 20. N2c3 Rab8 1/2-1/2

[Event "SR 2. liga A 2016/2017"]
[Site "?"]
[Date "2016.12.04"]
[Round "6.4"]
[White "Sulek, Viliam"]
[Black "Sukuba, Zdeno"]
[Result "1/2-1/2"]
[WhiteElo "2059"]
[BlackElo "2154"]
[PlyCount "23"]
[EventDate "2016.??.??"]

1. e4 c6 2. d4 d5 3. exd5 cxd5 4. Bd3 Nc6 5. c3 Qc7 6. h3 e5 7. dxe5 Nxe5 8.
Qe2 Be7 9. Bb5+ Nc6 10. Nf3 Nf6 11. O-O O-O 12. Bg5 1/2-1/2

[Event "SR 2. liga A 2016/2017"]
[Site "?"]
[Date "2016.12.04"]
[Round "6.4"]
[White "Biro, Karol"]
[Black "Nestorenko, Dmitry"]
[Result "1/2-1/2"]
[WhiteElo "2087"]
[BlackElo "2087"]
[PlyCount "111"]
[EventDate "2016.??.??"]

1. Nf3 d5 2. g3 c5 3. Bg2 Nc6 4. d3 g6 5. O-O Bg7 6. Nbd2 e5 7. e4 d4 8. a4
Nge7 9. Nc4 O-O 10. Nh4 Be6 11. b3 Qd7 12. f4 f6 13. Bd2 b6 14. Rf2 Rae8 15.
Qf1 f5 16. Nf3 Bxc4 17. bxc4 fxe4 18. dxe4 exf4 19. Bxf4 Nc8 20. Bh3 Qe7 21.
Re1 h6 22. Nh4 Qf7 23. Be3 Qb7 24. Bd2 Ne5 25. Rxf8+ Rxf8 26. Be6+ Kh7 27. Qh3
Nd6 28. Bf4 Qe7 29. Bxe5 Bxe5 30. Bd5 Qf6 31. Rf1 Qxf1+ 32. Qxf1 Rxf1+ 33. Kxf1
Kg7 34. Ke2 Kf6 35. Nf3 Ne8 36. Ne1 Nd6 37. Nd3 Ne8 38. Nc1 Bc7 39. Nb3 Ke5 40.
a5 Nf6 41. Kf3 Nh7 42. h4 g5 43. axb6 axb6 44. Nc1 h5 45. Nd3+ Kf6 46. hxg5+
Nxg5+ 47. Kg2 Bb8 48. Nf4 Ke5 49. Nxh5 Nxe4 50. g4 Nf6 51. Kf3 Nxh5 52. gxh5
Kf6 53. Ke4 Bg3 54. Bg8 Kg7 55. Be6 Be1 56. Bg4 1/2-1/2

[Event "SR 2. liga A 2016/2017"]
[Site "?"]
[Date "2016.12.04"]
[Round "6.4"]
[White "Povysil, Peter"]
[Black "Hudec, Jan"]
[Result "1/2-1/2"]
[WhiteElo "1967"]
[BlackElo "2030"]
[PlyCount "27"]
[EventDate "2016.??.??"]

1. e4 c5 2. Nf3 e6 3. d3 Nc6 4. g3 g6 5. Bg2 Bg7 6. O-O Nge7 7. Nc3 O-O 8. Re1
d6 9. Ne2 e5 10. Bg5 Be6 11. c3 Qd7 12. Bxe7 Nxe7 13. c4 f6 14. Nc3 1/2-1/2

[Event "SR 2. liga A 2016/2017"]
[Site "?"]
[Date "2016.12.04"]
[Round "6.4"]
[White "Sturc, Jan"]
[Black "Kebis, Milos"]
[Result "1-0"]
[WhiteElo "1990"]
[BlackElo "1934"]
[PlyCount "55"]
[EventDate "2016.??.??"]

1. e4 e5 2. Nf3 Nc6 3. Bb5 Nf6 4. O-O d6 5. Re1 Be7 6. d4 exd4 7. Nxd4 Bd7 8.
Nf5 Bxf5 9. exf5 O-O 10. Nc3 a6 11. Bf1 h6 12. g4 Re8 13. Bg2 Rb8 14. h3 Qd7
15. Be3 Rbd8 16. Nd5 Nxd5 17. Qxd5 Bf6 18. c3 Re5 19. Qd2 Ree8 20. f4 Re7 21.
g5 hxg5 22. fxg5 Be5 23. Qf2 Rf8 24. Bd5 Nd8 25. g6 Bf6 26. Qf3 Qa4 27. c4 Rxe3
28. Qh5 1-0

[Event "SR 2. liga A 2016/2017"]
[Site "?"]
[Date "2016.12.04"]
[Round "6.4"]
[White "Faltan, Peter"]
[Black "Briestenska, Andrea"]
[Result "1-0"]
[WhiteElo "1979"]
[BlackElo "2001"]
[PlyCount "161"]
[EventDate "2016.??.??"]

1. d4 d6 2. c4 c6 3. Nc3 Qc7 4. e4 e5 5. d5 Be7 6. Bd3 Nf6 7. Nge2 Nbd7 8. O-O
Nc5 9. Bc2 a5 10. f3 O-O 11. Be3 Bd7 12. Qd2 cxd5 13. cxd5 b5 14. Rac1 b4 15.
Nd1 Bb5 16. Nf2 Nfd7 17. Bd3 Qb7 18. Bxb5 Qxb5 19. Rfd1 Bd8 20. Ng3 b3 21. a3
g6 22. Ne2 a4 23. Nc3 Qa6 24. Nd3 Ba5 25. Nb4 Qb7 26. Nc6 Bxc3 27. Rxc3 f5 28.
exf5 gxf5 29. Bh6 Rf7 30. Qg5+ Kh8 31. Ne7 Nb6 32. Nxf5 Qd7 33. Ng3 Rg8 34. Qd2
Qb5 35. Be3 Nbd7 36. Qe2 Qxe2 37. Nxe2 Rxf3 38. Ng3 Rf6 39. Rc4 Rgf8 40. Ne4
Nxe4 41. Rxe4 Nc5 42. Bxc5 dxc5 43. Rxe5 Rd8 44. Rc1 Rdf8 45. Re2 Rf5 46. Rd2
Re8 47. g3 Rc8 48. Rc4 Kg7 49. d6 Rd8 50. Rxa4 Rf6 51. Ra7+ Kg6 52. d7 Rc6 53.
Kf2 c4 54. Rb7 c3 55. bxc3 Rxc3 56. Ke2 b2 57. Rbxb2 Rxa3 58. Rb6+ Kf7 59. Rbd6
Ra7 60. Kf3 Kg7 61. Ke4 Kf7 62. Kf5 Ra5+ 63. R2d5 Ra2 64. h4 Ra7 65. g4 Rb7 66.
g5 Rb1 67. Rf6+ Ke7 68. Rh6 Rf1+ 69. Kg4 Rf7 70. Rhd6 Rg7 71. Kh5 Kf7 72. Rd3
Ke7 73. Kh6 Rf7 74. h5 Kf8 75. Rf6 Rxf6+ 76. gxf6 Kg8 77. Rd6 Kf7 78. Kxh7 Kf8
79. Kg6 Kg8 80. Re6 Kf8 81. f7 1-0

[Event "SR 2. liga A 2016/2017"]
[Site "?"]
[Date "2016.12.04"]
[Round "6.5"]
[White "Lintner, Igor"]
[Black "Darazs, Zoltan"]
[Result "0-1"]
[WhiteElo "2219"]
[BlackElo "2151"]
[PlyCount "106"]
[EventDate "2016.??.??"]

1. e4 c5 2. Nf3 Nc6 3. d4 cxd4 4. Nxd4 Nf6 5. Nc3 e5 6. Ndb5 d6 7. Bg5 a6 8.
Na3 b5 9. Nd5 Be7 10. Bxf6 Bxf6 11. c3 O-O 12. Nc2 Bg5 13. h4 Bh6 14. g4 Bf4
15. Nce3 Bxe3 16. Nxe3 Be6 17. g5 b4 18. Bh3 bxc3 19. bxc3 Qa5 20. Qd2 Rac8 21.
Nd5 Rfe8 22. Rc1 Nd4 23. Bg2 Bxd5 24. exd5 Rc5 25. O-O Rec8 26. Qb2 Qb5 27.
cxd4 Qxb2 28. dxc5 dxc5 29. d6 Qb4 30. Rfd1 Rd8 31. Rd5 c4 32. a3 Qb3 33. d7 g6
34. Kh2 c3 35. Rd3 Qa4 36. Rdxc3 Qxh4+ 37. Bh3 Rxd7 38. R1c2 Qf4+ 39. Kg2 Rd5
40. Be6 Qxg5+ 41. Rg3 Qxg3+ 42. fxg3 fxe6 43. Kf3 Rd3+ 44. Ke4 Rxa3 45. Kxe5
Rxg3 46. Rc7 Re3+ 47. Kf6 Rf3+ 48. Kxe6 a5 49. Ra7 Rf5 50. Re7 h5 51. Kd6 h4
52. Re4 h3 53. Rh4 Rh5 0-1

[Event "SR 2. liga A 2016/2017"]
[Site "?"]
[Date "2016.12.04"]
[Round "6.5"]
[White "Marosi, Csaba"]
[Black "Bednar, Jan"]
[Result "1/2-1/2"]
[WhiteElo "2007"]
[BlackElo "2062"]
[PlyCount "53"]
[EventDate "2016.??.??"]

1. e4 c5 2. Nf3 d6 3. d4 cxd4 4. Qxd4 a6 5. c4 Nc6 6. Qd2 Nf6 7. Nc3 g6 8. b3
Bg7 9. Bb2 O-O 10. h3 Bd7 11. Bd3 Re8 12. O-O Rb8 13. Rad1 Ne5 14. Nxe5 dxe5
15. Be2 Bc6 16. Qe3 Qc8 17. Nd5 Nxe4 18. Qxe4 e6 19. Qe3 exd5 20. cxd5 Bd7 21.
Rc1 Qd8 22. Rfd1 Qa5 23. a3 Rbc8 24. b4 Qa4 25. Rxc8 Rxc8 26. Rc1 Rxc1+ 27.
Qxc1 1/2-1/2

[Event "SR 2. liga A 2016/2017"]
[Site "?"]
[Date "2016.12.04"]
[Round "6.5"]
[White "Macka, Oto"]
[Black "Veselsky, Jozef"]
[Result "1/2-1/2"]
[WhiteElo "2018"]
[BlackElo "2074"]
[PlyCount "101"]
[EventDate "2016.??.??"]

1. e4 c5 2. Nf3 Nc6 3. Bb5 g6 4. Bxc6 dxc6 5. d3 Bg7 6. Nc3 Nf6 7. h3 O-O 8.
O-O Qc7 9. a4 b6 10. a5 Ba6 11. e5 Nd5 12. Re1 Nb4 13. Bf4 Rad8 14. Qc1 Qc8 15.
Ne4 Rd5 16. Nc3 Rdd8 17. Ne4 Qf5 18. Ng3 Qe6 19. Re4 Nxc2 20. Qxc2 Bxd3 21. Qc3
Bxe4 22. Nxe4 f6 23. Re1 fxe5 24. Neg5 Qf5 25. Bxe5 Bxe5 26. Qxe5 Qxe5 27. Rxe5
Rd7 28. Kf1 h6 29. Ne4 Kf7 30. Ned2 Rd5 31. Re3 Rfd8 32. Ke2 b5 33. Ne5+ Kf6
34. Ndf3 R8d6 35. Ng4+ Kg7 36. Rxe7+ Kf8 37. Rxa7 Re6+ 38. Ne3 Rd4 39. b3 Rb4
40. Nd2 c4 41. bxc4 bxc4 42. a6 c3 43. Nf3 Rb2+ 44. Kd3 Rxf2 45. Nc2 c5 46.
Nfe1 Rf4 47. Kxc3 Ra4 48. Rc7 Raxa6 49. Rxc5 Re2 50. Kd4 Rae6 51. Rc3 1/2-1/2

[Event "SR 2. liga A 2016/2017"]
[Site "?"]
[Date "2016.12.04"]
[Round "6.5"]
[White "Szitasi, Janos"]
[Black "Helbich, Branislav"]
[Result "0-1"]
[WhiteElo "1984"]
[BlackElo "1964"]
[PlyCount "106"]
[EventDate "2016.??.??"]

1. e4 e5 2. Nf3 Nc6 3. Bb5 Nf6 4. O-O d6 5. d4 exd4 6. Nxd4 Bd7 7. Nxc6 Bxc6 8.
Bxc6+ bxc6 9. Qe2 Be7 10. e5 Nd7 11. e6 fxe6 12. Qxe6 Nc5 13. Qf5 Qd7 14. Qh5+
g6 15. Qf3 Rf8 16. Qe2 Qf5 17. Be3 Kd7 18. Nc3 Rfe8 19. Qd2 Bf6 20. Rab1 Ne6
21. Ne2 Qd5 22. b3 a6 23. Rfd1 Qxd2 24. Rxd2 Rab8 25. Rbd1 Bg5 26. Bxg5 Nxg5
27. Nc3 Re7 28. Kf1 Rbe8 29. Rd4 Kc8 30. Rc4 c5 31. Rg4 Ne6 32. Nd5 Rf7 33. Re4
c6 34. Nc3 d5 35. Re5 Kd7 36. Rde1 Rfe7 37. Nd1 Kd6 38. g3 Nd4 39. Rxe7 Rxe7
40. Rxe7 Kxe7 41. Ne3 Ke6 42. h4 Ke5 43. Ke1 Ke4 44. Kd2 Kf3 45. Nd1 Nb5 46.
Kd3 Nd6 47. Kd2 c4 48. Ke1 cxb3 49. axb3 Ne4 50. Kf1 c5 51. Ke1 c4 52. b4 d4
53. Nb2 d3 0-1

[Event "SR 2. liga A 2016/2017"]
[Site "?"]
[Date "2016.12.04"]
[Round "6.5"]
[White "Goga, Frantisek"]
[Black "Merva, Frantisek"]
[Result "1/2-1/2"]
[WhiteElo "2010"]
[BlackElo "2121"]
[PlyCount "91"]
[EventDate "2016.??.??"]

1. e4 c6 2. d4 d5 3. e5 Bf5 4. Ne2 e6 5. Ng3 Bg6 6. h4 h5 7. Bd3 Bxd3 8. cxd3
g6 9. Nd2 Nh6 10. Nf3 Ng4 11. Bg5 Be7 12. Qd2 Nd7 13. O-O Bxg5 14. Nxg5 Qe7 15.
b4 Kf8 16. Ne2 Kg7 17. Nf4 Nf8 18. f3 Nh6 19. Qf2 Nh7 20. Ngh3 a5 21. a3 axb4
22. axb4 Rxa1 23. Rxa1 Qxb4 24. Kh1 Qe7 25. Nxh5+ gxh5 26. Qg3+ Ng4 27. fxg4
Rg8 28. gxh5+ Kh8 29. Qf4 b5 30. Rf1 b4 31. Qh6 Rg4 32. g3 Kg8 33. Ng5 Nxg5 34.
hxg5 Rxg5 35. Ra1 Qd8 36. Ra8 Qxa8 37. Qxg5+ Kh7 38. Qe7 Qg8 39. Kg2 b3 40. Qb7
Kh6 41. Qxb3 Qg4 42. Qb2 Qxh5 43. Qf2 Qg6 44. Qf3 Kg7 45. g4 Kg8 46. Kg3
1/2-1/2

[Event "SR 2. liga A 2016/2017"]
[Site "?"]
[Date "2016.12.04"]
[Round "6.5"]
[White "Kalmar, Tamas"]
[Black "Tomanek, Rafael"]
[Result "1/2-1/2"]
[WhiteElo "2066"]
[BlackElo "1986"]
[PlyCount "140"]
[EventDate "2016.??.??"]

1. d4 d5 2. c4 e6 3. Nc3 Nf6 4. Bg5 Be7 5. e3 O-O 6. Nf3 Nbd7 7. Qc2 c5 8. cxd5
cxd4 9. Nxd4 Nxd5 10. Bxe7 Qxe7 11. Nxd5 exd5 12. Be2 Nf6 13. O-O Be6 14. Bf3
Rfc8 15. Qb3 Rc7 16. Rfc1 Rac8 17. Qd1 Qd8 18. a3 a6 19. h3 h6 20. Ne2 Rxc1 21.
Rxc1 Rxc1 22. Nxc1 Qc7 23. Ne2 Kf8 24. Nc3 Qc4 25. Be2 Qc5 26. Bf3 Qc4 27. Be2
Qc5 28. Qd3 Qc4 29. Qd2 Qc5 30. Na4 Qc6 31. Nc3 Qc5 32. Bf3 Qc4 33. Ne2 Qc5 34.
Nd4 Qc7 35. Qb4+ Kg8 36. Qd2 Kf8 37. Ne2 Kg8 38. Nf4 Qc6 39. Nd3 Qc4 40. Ne5
Qc7 41. Nd3 Qc4 42. Nb4 Qc5 43. Na2 Qc4 44. Nc3 Qc5 45. Qd3 Qc6 46. Qd4 Kf8 47.
Qb4+ Kg8 48. Qd4 Kf8 49. Qf4 Nd7 50. Qb4+ Kg8 51. Qd4 Nf6 52. h4 Kf8 53. g4 Kg8
54. g5 hxg5 55. hxg5 Nh7 56. Bxd5 Bxd5 57. Nxd5 Qd7 58. f4 Nf8 59. Kf2 Kh8 60.
Kg3 Qd6 61. Nc3 Qc7 62. Qd5 Ne6 63. g6 Kg8 64. Ne4 Kf8 65. Nd6 Qc1 66. Nxf7
Qxe3+ 67. Qf3 Qg1+ 68. Kh3 Qxg6 69. Ne5 Qf5+ 70. Kg3 Kg8 1/2-1/2

[Event "SR 2. liga A 2016/2017"]
[Site "?"]
[Date "2016.12.04"]
[Round "6.5"]
[White "Raczko, Peter"]
[Black "Meszaros, Lorant"]
[Result "0-1"]
[WhiteElo "1933"]
[BlackElo "2014"]
[PlyCount "70"]
[EventDate "2016.??.??"]

1. e4 e5 2. Nf3 Nc6 3. d4 exd4 4. Nxd4 Nf6 5. Nxc6 bxc6 6. Bd3 Bb4+ 7. Bd2
Bxd2+ 8. Qxd2 O-O 9. O-O Re8 10. Nc3 d5 11. exd5 cxd5 12. Rfe1 Rxe1+ 13. Rxe1
c6 14. Ne2 Qb6 15. c3 Ba6 16. Bxa6 Qxa6 17. Nc1 Qb6 18. Re2 a5 19. Qd4 c5 20.
Qa4 c4 21. b4 g6 22. a3 Ne4 23. Re3 Kg7 24. Ne2 Nc5 25. Qc2 axb4 26. cxb4 Nd3
27. Qc3+ Kg8 28. g3 Qa6 29. Qd4 Qxa3 30. Qxd5 Rc8 31. Qd7 Qa1+ 32. Kg2 Qa8+ 33.
Kh3 Rd8 34. Qb5 Nxf2+ 35. Kh4 Qc8 0-1

[Event "SR 2. liga A 2016/2017"]
[Site "?"]
[Date "2016.12.04"]
[Round "6.5"]
[White "Vegh, Vince"]
[Black "Henc, Marian"]
[Result "0-1"]
[WhiteElo "1932"]
[BlackElo "1930"]
[PlyCount "96"]
[EventDate "2016.??.??"]

1. e4 d6 2. Qe2 c5 3. Nc3 g6 4. g3 Bg7 5. Bg2 Nc6 6. Nf3 Bg4 7. Qb5 Qd7 8. Nd5
Nf6 9. Nxf6+ Bxf6 10. c3 a6 11. Qe2 Ne5 12. Nxe5 dxe5 13. Qe3 Rc8 14. h3 Be6
15. b3 h6 16. Bb2 Bg5 17. Qe2 c4 18. b4 Rd8 19. O-O-O h5 20. Rhf1 Bxh3 21. Bxh3
Qxh3 22. Qxc4 O-O 23. f4 Bf6 24. Rg1 Rd6 25. Qe2 Rfd8 26. c4 Qe6 27. Kb1 Rd3
28. c5 Qc4 29. Bc3 Rxc3 30. Qxc4 Rxc4 31. a3 Rxe4 32. fxe5 Bxe5 33. Kc2 Rc4+
34. Kb3 Rg4 35. d3 Bd4 36. Rge1 e5 37. Re4 Rxg3 38. Kc4 f5 39. Re2 Rg4 40. a4
h4 41. b5 Rc8 42. c6 axb5+ 43. axb5 bxc6 44. Ra2 Bb6+ 45. Kb3 cxb5 46. Ra6 Bd4
47. Rd2 h3 48. Rh2 Rc3+ 0-1

[Event "SR 2. liga A 2016/2017"]
[Site "?"]
[Date "2016.12.04"]
[Round "6.6"]
[White "Schwarz, Dusan"]
[Black "Farkas, Gabor"]
[Result "1/2-1/2"]
[WhiteElo "2293"]
[BlackElo "2387"]
[PlyCount "82"]
[EventDate "2016.??.??"]

1. d4 Nf6 2. c4 e6 3. Nc3 Bb4 4. f3 d5 5. a3 Bxc3+ 6. bxc3 O-O 7. cxd5 exd5 8.
e3 Nh5 9. Ne2 b6 10. g4 Qh4+ 11. Kd2 Nf6 12. Qe1 Qxe1+ 13. Kxe1 Ba6 14. Bg2 Nc6
15. g5 Ne8 16. Nf4 Bc4 17. h4 Nd6 18. Kf2 Rfe8 19. Bb2 Na5 20. Rae1 c5 21. e4
cxd4 22. cxd4 Rac8 23. e5 Ndb7 24. Bh3 Rc7 25. e6 Nd8 26. exf7+ Kxf7 27. g6+
hxg6 28. Rxe8 Kxe8 29. Nxg6 Kf7 30. Ne5+ Kg8 31. Re1 Bb5 32. Bc1 Rc2+ 33. Kg3
Nb3 34. Bg5 Nxd4 35. Bxd8 Ne2+ 36. Kg4 d4 37. Bf1 d3 38. Rd1 Rc5 39. f4 Nc3 40.
Rxd3 Bxd3 41. Bxd3 Nd5 1/2-1/2

[Event "SR 2. liga A 2016/2017"]
[Site "?"]
[Date "2016.12.04"]
[Round "6.6"]
[White "Balogh, Peter"]
[Black "Vrbova, Niki"]
[Result "1/2-1/2"]
[WhiteElo "2284"]
[BlackElo "2199"]
[PlyCount "64"]
[EventDate "2016.??.??"]

1. d4 Nf6 2. c4 c5 3. d5 d6 4. Nc3 e5 5. e4 Be7 6. Bd3 O-O 7. Nge2 Nh5 8. O-O
a6 9. Ng3 Nxg3 10. hxg3 Bf6 11. Be3 g6 12. f3 Bg7 13. g4 Nd7 14. Qd2 Re8 15. a3
Rb8 16. b4 b6 17. Rab1 Qc7 18. Rfc1 Bf6 19. Rc2 Bb7 20. Rcb2 Ba8 21. bxc5 bxc5
22. Na4 Rxb2 23. Qxb2 Rb8 24. Qc3 Bd8 25. Bd2 Rxb1+ 26. Bxb1 Qb8 27. Bc2 Bb7
28. Qb3 Bc8 29. Qxb8 Nxb8 30. Nb2 f6 31. Ba4 Kf7 32. Kf2 Bd7 1/2-1/2

[Event "SR 2. liga A 2016/2017"]
[Site "?"]
[Date "2016.12.04"]
[Round "6.6"]
[White "Petrik, Stanislav"]
[Black "Gruca, Miroslav"]
[Result "1-0"]
[WhiteElo "2101"]
[BlackElo "2217"]
[PlyCount "80"]
[EventDate "2016.??.??"]

1. e4 c6 2. c4 d5 3. exd5 Nf6 4. Nc3 cxd5 5. cxd5 Nxd5 6. Bc4 Nb6 7. Bb3 Nc6 8.
Nf3 Bf5 9. d4 e6 10. Be3 Be7 11. O-O O-O 12. d5 Nxd5 13. Nxd5 exd5 14. Qxd5
Qxd5 15. Bxd5 Nb4 16. Nd4 Bd3 17. Rfd1 Nxd5 18. Rxd3 Nxe3 19. Rxe3 Bf6 20. Rd1
Rfd8 21. Red3 Rd5 22. Ne2 Rxd3 23. Rxd3 Rc8 24. Rd2 h5 25. g3 h4 26. Kg2 Rc4
27. b3 Rc5 28. f4 b5 29. Kf3 b4 30. Ke4 Kf8 31. Kf3 Ke8 32. Kg4 hxg3 33. Nxg3
Bc3 34. Re2+ Kd7 35. Rc2 Rd5 36. Ne2 f5+ 37. Kg5 Bf6+ 38. Kg6 Ke6 39. Ng3 Bc3
40. Re2+ Kd6 1-0

[Event "SR 2. liga A 2016/2017"]
[Site "?"]
[Date "2016.12.04"]
[Round "6.6"]
[White "Slacky, Stanislav"]
[Black "Nemsak, Denis"]
[Result "1-0"]
[WhiteElo "2182"]
[BlackElo "2051"]
[PlyCount "81"]
[EventDate "2016.??.??"]

1. d4 f5 2. Nf3 Nf6 3. g3 g6 4. Bg2 Bg7 5. O-O O-O 6. e3 d6 7. b3 c6 8. Bb2 a5
9. Nbd2 Na6 10. Ne1 Bd7 11. a3 Nc7 12. Nd3 Ncd5 13. c4 Nc7 14. Qc2 Qe8 15. b4
axb4 16. axb4 Qf7 17. Ra5 Rfb8 18. Rfa1 Qe8 19. Bc3 Qc8 20. Nb2 b6 21. Ra7 b5
22. Nd3 Rxa7 23. Rxa7 bxc4 24. Nxc4 Nb5 25. Ra1 Be6 26. Na5 Bd5 27. Be1 Bxg2
28. Kxg2 Rb6 29. f3 Nd5 30. Bf2 Bh6 31. Re1 Ra6 32. Qc4 Qe6 33. e4 Ndc7 34. Qc2
Qd7 35. e5 Nd5 36. Qc4 Kf8 37. f4 Bg7 38. Rc1 dxe5 39. Nc5 Qc8 40. Nxa6 Qxa6
41. dxe5 1-0

[Event "SR 2. liga A 2016/2017"]
[Site "?"]
[Date "2016.12.04"]
[Round "6.6"]
[White "Orosi, Peter"]
[Black "Pusec, Pavel"]
[Result "1/2-1/2"]
[WhiteElo "2116"]
[BlackElo "1987"]
[PlyCount "80"]
[EventDate "2016.??.??"]

1. e4 d6 2. d4 Nf6 3. Nc3 g6 4. Nf3 Bg7 5. h3 O-O 6. Be3 c6 7. Bd3 Qc7 8. O-O
e5 9. dxe5 dxe5 10. Qd2 b6 11. Rad1 Nbd7 12. Rfe1 Bb7 13. Bc4 b5 14. Bb3 b4 15.
Na4 c5 16. Bd5 Nxd5 17. exd5 Qa5 18. b3 c4 19. c3 cxb3 20. axb3 bxc3 21. Qxc3
Qxc3 22. Nxc3 a6 23. Ne4 Nf6 24. Nc5 Bxd5 25. Nxe5 Rfd8 26. Bg5 Rdc8 27. b4 Be6
28. Nxe6 fxe6 29. Rd6 Nd5 30. Nc6 Bf8 31. Rexe6 Bxd6 32. Rxd6 Rxc6 33. Rxc6
Nxb4 34. Rc7 a5 35. Rb7 Nc6 36. Bf6 Ra7 37. Rxa7 Nxa7 38. Kf1 Kf7 39. Bh8 Ke6
40. Ke2 Nc6 1/2-1/2

[Event "SR 2. liga A 2016/2017"]
[Site "?"]
[Date "2016.12.04"]
[Round "6.6"]
[White "Lesny, Stefan"]
[Black "Petrik, Karol"]
[Result "1-0"]
[WhiteElo "2013"]
[BlackElo "2111"]
[PlyCount "67"]
[EventDate "2016.??.??"]

1. e4 c6 2. f4 d5 3. e5 h5 4. Nf3 Nh6 5. c3 Bg4 6. Na3 Nf5 7. Nc2 e6 8. Ne3 g6
9. Nxf5 gxf5 10. h3 Bxf3 11. Qxf3 h4 12. g4 hxg3 13. Qxg3 Nd7 14. d3 Qb6 15.
Qf2 Bc5 16. d4 Be7 17. Kd1 O-O-O 18. h4 Kb8 19. b4 f6 20. Be3 a5 21. a3 Rdf8
22. Kc2 Rf7 23. Be2 fxe5 24. dxe5 c5 25. h5 axb4 26. axb4 Qc7 27. bxc5 Bxc5 28.
Rhb1 d4 29. Bxd4 Rg7 30. Bf3 Bxd4 31. Qxd4 Nc5 32. Rb5 Rc8 33. Raa5 Qd7 34.
Rxc5 1-0

[Event "SR 2. liga A 2016/2017"]
[Site "?"]
[Date "2016.12.04"]
[Round "6.6"]
[White "Polacik, Igor"]
[Black "Ujhelyi, Matus"]
[Result "1-0"]
[WhiteElo "2187"]
[BlackElo "1889"]
[PlyCount "63"]
[EventDate "2016.??.??"]

1. Nf3 Nf6 2. d4 g6 3. g3 Bg7 4. Bg2 O-O 5. O-O d6 6. c4 Nbd7 7. Nc3 c6 8. e4
e5 9. h3 Re8 10. Be3 exd4 11. Nxd4 Nc5 12. f3 a5 13. Qd2 Ne6 14. Nde2 Qe7 15.
Rfe1 Nc7 16. Nf4 Be6 17. Nxe6 fxe6 18. Rad1 Red8 19. Bb6 Nfe8 20. Bf2 e5 21.
Na4 Ne6 22. Bb6 c5 23. Bxd8 Qxd8 24. Qd5 Qe7 25. Nc3 Rd8 26. Nb5 Bf8 27. Qd2
Ra8 28. Rf1 Nd4 29. Nxd4 cxd4 30. f4 Bh6 31. Qe2 Nc7 32. f5 1-0

[Event "SR 2. liga A 2016/2017"]
[Site "?"]
[Date "2016.12.04"]
[Round "6.6"]
[White "Cibik, Jan"]
[Black "Krajnak, Robert"]
[Result "0-1"]
[WhiteElo "1854"]
[BlackElo "2049"]
[PlyCount "92"]
[EventDate "2016.??.??"]

1. e4 c5 2. Nf3 e6 3. d4 cxd4 4. Nxd4 Nc6 5. c3 d5 6. Bd3 Nf6 7. Qc2 dxe4 8.
Bxe4 Nxd4 9. cxd4 Qxd4 10. Bf3 Bb4+ 11. Bd2 Bxd2+ 12. Nxd2 O-O 13. O-O Bd7 14.
Bxb7 Rab8 15. Nb3 Qb4 16. Ba6 Rb6 17. Qe2 Rfb8 18. Rfc1 Be8 19. Rc2 Nd5 20. g3
Qa4 21. Bc4 Rxb3 22. Bxb3 Rxb3 23. Rd1 Rb8 24. b3 Qb4 25. Rdc1 Qb7 26. Rc5 g6
27. Qd2 h5 28. Qd4 Qa6 29. Qe5 Rd8 30. Qg5 Rb8 31. Qe5 Qb6 32. Rc8 Rxc8 33.
Rxc8 Qb5 34. a4 Qd7 35. Qb8 Nf6 36. Rd8 Qc6 37. Qxa7 Kg7 38. Rd1 Qf3 39. Rc1
Bc6 40. Rxc6 Qxc6 41. b4 h4 42. gxh4 Qe4 43. b5 Nd5 44. Qc5 Nf4 45. Qc3+ Kh7
46. f3 Qe2 0-1

[Event "SR 2. liga A 2016/2017"]
[Site "?"]
[Date "2017.01.21"]
[Round "7.1"]
[White "Karas, Marek"]
[Black "Sosna, Jan"]
[Result "1/2-1/2"]
[WhiteElo "2245"]
[BlackElo "2347"]
[PlyCount "114"]
[EventDate "2016.??.??"]

1. d4 d5 2. Bf4 Nf6 3. e3 c5 4. c3 Nc6 5. Nd2 Qb6 6. Qb3 g6 7. Ngf3 Bg7 8. Be2
O-O 9. O-O Qxb3 10. axb3 cxd4 11. cxd4 Nh5 12. Bg3 Nxg3 13. hxg3 Bd7 14. Nb1
Rfc8 15. Nc3 e6 16. Rfc1 Bf8 17. Ne1 Nb4 18. Nd3 Nxd3 19. Bxd3 Rc6 20. Na4 Rac8
21. Rxc6 Bxc6 22. Nc3 a6 23. g4 Bd6 24. Rc1 Bd7 25. f4 Kg7 26. g5 h6 27. gxh6+
Kxh6 28. Kf2 Kg7 29. g3 Kf6 30. Ne2 Rxc1 31. Nxc1 Ke7 32. g4 Kd8 33. g5 Kc7 34.
Ke2 b5 35. Bc2 Kb6 36. Nd3 a5 37. Kd2 Be8 38. Bd1 Bd7 39. Bf3 b4 40. Bd1 Bb5
41. Bc2 Kc7 42. Ne5 Be8 43. Bd1 Kd8 44. Bc2 Ke7 45. Kd1 Kf8 46. Kd2 Kg7 47. Ng4
Be7 48. Bd1 Bd8 49. Ke1 Bd7 50. Kf2 Bb5 51. Be2 Bc6 52. Bd1 Be8 53. Kf3 Bb5 54.
Be2 a4 55. bxa4 Bxa4 56. Nf2 Be7 57. Bd1 Bb5 1/2-1/2

[Event "SR 2. liga A 2016/2017"]
[Site "?"]
[Date "2017.01.21"]
[Round "7.1"]
[White "Kapusta, Petr"]
[Black "Jozefek, Michal"]
[Result "0-1"]
[WhiteElo "2237"]
[BlackElo "2185"]
[PlyCount "88"]
[EventDate "2016.??.??"]

1. e4 c5 2. Nf3 d6 3. d4 cxd4 4. Nxd4 Nf6 5. Nc3 Nc6 6. Bc4 Qa5 7. Nb3 Qc7 8.
Nd5 Nxd5 9. exd5 Ne5 10. Be2 g6 11. O-O Bg7 12. Kh1 O-O 13. f4 Nc4 14. c3 a6
15. a4 Bd7 16. Nd4 Nb6 17. Bf3 Qc4 18. a5 Nxd5 19. Ne2 Bc6 20. b3 Nxc3 21. Qc2
Qb5 22. Bb2 Nxe2 23. Bxe2 Qd5 24. Bc4 Qxg2+ 25. Qxg2 Bxg2+ 26. Kxg2 Bxb2 27.
Ra2 Bd4 28. f5 Kg7 29. fxg6 hxg6 30. Bd5 Rab8 31. Ra4 Be5 32. Rb4 e6 33. Bxb7
Bc3 34. Rc4 Bxa5 35. Bxa6 Rxb3 36. Ra4 Bb6 37. Bc4 Rb2+ 38. Kg3 Rc8 39. h3 d5
40. Bd3 Rc3 41. Rf3 Bc7+ 42. Kh4 Rg2 43. Ra8 Be5 44. Be4 Rxf3 0-1